Labyrinth - Taylor Swift (All Lyrics) - Statistics

General Stats
  • This quiz has been taken 169 times
  • The average score is 237 of 254
Answer Stats
Lyrics % Correct
a
99%
I
99%
in,
99%
in
99%
"It
99%
it
99%
It
99%
no,
99%
right
99%
the
99%
you
99%
You
99%
down
97%
fallin'
97%
how
97%
I'm
97%
love
97%
now"
97%
now
97%
oh,
97%
Oh
97%
Oh,
97%
Was
97%
was
97%
much
96%
this
96%
around?
95%
hurts
95%
know
95%
my
95%
only
95%
thought
95%
labyrinth
94%
last
94%
plane
94%
turn
94%
goin'
92%
out
92%
time
92%
of
91%
thinkin'
91%
whole
91%
again
90%
am
90%
me
90%
Breathe
88%
breathe
88%
can't
88%
feels
88%
That
88%
that
88%
what
88%
be
87%
I'll
87%
life
87%
mind
87%
to
87%
back
86%
Never
86%
scared
86%
through,
86%
your
86%
if
85%
like
85%
elevators
83%
How'd
83%
Lost
83%
Break
82%
break
82%
fast
82%
gettin'
81%
hate
81%
just
81%
Just
81%
over
81%
trust
81%
Uh
81%
up,
81%
deep,
79%
would
79%
everybody
78%
make
78%
smile
78%
bounce
77%
expects
77%
rises
73%
free,
69%
raw
62%
No matching quizzes found
Score Distribution
Percent of People with Each Score
Percentile by Number Answered
Your Score History
You have not taken this quiz